000 00402nam a2200169Ia 4500
005 20250603145852.0
008 250603s9999 xx 000 0 und d
020 _a9788131721698
050 _aQC 23 .F47/
100 _aFeynman, Richard P.
245 4 _aThe feynman lectures on physics
260 _aNew Delhi
260 _bPrentice- Hall
260 _c2009
650 _aNew Delhi
942 _cBK
999 _c43096
_d43096